Manual imprescindible de Internet (Registro nro. 2333)
[ vista simple ]
| 000 -CABECERA | |
|---|---|
| campo de control de longitud fija | 00982aam a2200325 4500 |
| 005 - FECHA Y HORA DE ACTUALIZACIÓN | |
| campo de control | 20230613171225.0 |
| 008 - LONGITUD FIJA | |
| campo de control de longitud fija | 150527b2010 xxu||||| |||| 00| 0 spa d |
| 041 ## - IDIOMA | |
| Código de idioma del texto/pista de sonido o título separado | Español |
| 082 ## - CLASIFICACIÓN DECIMAL DEWEY | |
| Número de clasificación | 004.67 S313m6 |
| 100 ## - AUTOR PERSONAL | |
| Nombre de persona | Scott Peña, Patricia |
| 245 ## - TÍTULO PROPIAMENTE DICHO | |
| Título | Manual imprescindible de Internet |
| 250 ## - EDICIÓN | |
| Mención de edición | 6 edición |
| 260 ## - PIE DE IMPRENTA | |
| Lugar de publicación, distribución, etc. | España |
| Nombre del editor, distribuidor, etc. | Anaya |
| Fecha de publicación, distribución, etc. | 2010 |
| 300 ## - DESCRIPCIÓN FÍSICA | |
| Extensión | 480 páginas |
| 650 ## - Materia General | |
| Materia general | REDES DE COMPUTADORES |
| 650 ## - Materia General | |
| Materia general | TCP/IP |
| 650 ## - Materia General | |
| Materia general | WORD WIDE WEB |
| 650 ## - Materia General | |
| Materia general | MULTIMEDIA |
| 650 ## - Materia General | |
| Materia general | CONFIGURACIÓN DE LA CONEXION |
| 650 ## - Materia General | |
| Materia general | TIPOS DE REDES |
| 650 ## - Materia General | |
| Materia general | NAVEGADORES |
| 650 ## - Materia General | |
| Materia general | BÚSQUEDA DE INFORMACIÓN |
| 650 ## - Materia General | |
| Materia general | COMUNICACIÓN EN INTERNET |
| 650 ## - Materia General | |
| Materia general | CORREO ELECTRÓNICO |
| 650 ## - Materia General | |
| Materia general | SERVIDORES FTP |
| 650 ## - Materia General | |
| Materia general | INTERCAMBIO DE ARCHIVOS |
| 650 ## - Materia General | |
| Materia general | SEGURIDAD Y PRIVACIDAD |
| 650 ## - Materia General | |
| Materia general | CREAR UNA PÁGINA WEB |
| 942 ## - Punto de Acceso Adicional Koha | |
| Tipo de ítem Koha | Libro |
| Estado perdido | Estado dañado | No para préstamo | Biblioteca permanente | Biblioteca actual | Signatura completa | Código de barras | Precio efectivo a partir del | Tipo de ítem |
|---|---|---|---|---|---|---|---|---|
| Departamento de Biblioteca y Documentación Alfonso Chase Brenes | Departamento de Biblioteca y Documentación Alfonso Chase Brenes | 004.67 S313m6 | 15256 | 12/09/2016 | Libro |